Ancient treasures in terra cotta of Mali and Ghana : African-American Institute, October 14, 1981-January 9, 1982, the Chicago Public Library Cultural Center, January 30, 1982-March 27, 1982.

Saved in:
நூற்பட்டியல் விவரங்கள்
குழும எழுத்தாளர்கள்: African-American Institute., Chicago Public Library. Cultural Center.
வடிவம்: புத்தகம்
மொழி:English
வெளியீடப்பட்டது: New York : The Institute, c1981.
பகுதிகள்:
குறியீடுகள்: குறிச்சொல் இணை
குறியீடுகள் இல்லை, இந்த குறிச்சொல்லை முதலில் பதிவு செய்யுங்கள்!
LEADER 01295nam a2200313 a 4500
001 001041663-3
005 20020606090541.3
008 820304s1981 nyuab bc 00000 eng
010 |a  81069406  
035 0 |a ocm08281351 
040 |a DLC  |c DLC 
043 |a f-gh---  |a f-ml--- 
050 0 4 |a NB1265  |b .A55 
245 0 0 |a Ancient treasures in terra cotta of Mali and Ghana :  |b African-American Institute, October 14, 1981-January 9, 1982, the Chicago Public Library Cultural Center, January 30, 1982-March 27, 1982. 
260 0 |a New York :  |b The Institute,  |c c1981. 
300 |a 48 p. :  |b chiefly ill., maps ;  |c 28 cm. 
500 |a Catalog of an exhibition. 
504 |a Bibliography: p. 12-13. 
691 9 |a Mali  |x Art  |x Sculpture.  |5 toz 
691 9 |a Ghana  |x Art  |x Sculpture.  |5 toz 
691 9 |a New York  |x Art  |x Museums and collections.  |5 toz 
650 0 |a Terra-cotta sculpture  |z Mali  |v Exhibitions. 
650 0 |a Terra-cotta sculpture  |z Ghana  |v Exhibitions. 
655 7 |a Exhibition catalogs.  |2 fast 
710 2 |a African-American Institute. 
710 2 |a Chicago Public Library.  |b Cultural Center. 
776 0 8 |i Online version:  |t Ancient treasures in terra cotta of Mali and Ghana.  |d New York (833 UN Plaza, New York 10017) : The Institute, ©1981  |w (OCoLC)624176988 
988 |a 20020608 
906 |0 DLC